01435nam a22003017a 4500003000900000005001700009008004400026020001800070040002200088092003300110245007400143260003100217300002600248490002500274505035100299650004200650650005100692650005000743650004500793700002100838830001700859910003700876942001200913945004000925952013600965956001701101999001501118DO-SdBNP20180314105718.0160413b2009 dr||||| |||| 00| 0 spa d a9789945171914 aBPMSUbspacBPMSU a373.7bM425e 3ro 2009 aMatemática 3 : beducación media /cKreemly Pérez ... [et. al.] aSanto Domingo : bSMc2009 a287p. : bil. : 28 cm aProyecto saber más tSistemas de ecuacionestInecuaciones y sistemas de inecuacionestVectorestMatricestDeterminantestCónicastRelaciones métricastSegmentos y ángulos en la circunferenciatFiguras planas. Propiedades métricastCuerpos geométricos. Propiedades métricastLogaritmostFunciones exponenciales y logarítmicastFunciones trigonométricas aMATEMÁTICASxENSEÑANZA SECUNDARIA 4aEDUCACIÓN SECUNDARIAzREPÚBLICA DOMINICANA 4aEDUCACIÓN SECUNDARIAxESTUDIOS Y EJERCICIOS aEDUCACIÓN SECUNDARIAxLIBROS DE TEXTOS12aPérez, Kreemly 0aEdiciones SM aValidado. Control de calidad MFF 2ddccBK aRemanejado para la BNPHU, 2018 / BT 00102ddc4070aBPMETbBPMETd2016-04-13eDonaciónl0o373.7 M425e 3ro. 2009pBPMSU16040409r2016-04-13w2016-04-13yBK adaysi garcia c9748d9748